| 000 | 00714cam a2200229 a 4500 | ||
|---|---|---|---|
| 001 | 12220810 | ||
| 005 | 20180307043434.0 | ||
| 008 | 001102s2000 ctua f 001 0 eng | ||
| 010 | _a 00710706 | ||
| 020 | _a0872597970 | ||
| 040 |
_aDLC _cDLC |
||
| 041 | _aeng | ||
| 043 | _an-us--- | ||
| 080 | _a62 WOL | ||
| 082 | _a62 WOL | ||
| 100 | _a27 | ||
| 101 | _aMEK | ||
| 245 | 0 | 0 |
_aNow you're talking! : _cedited by Larry D. Wolfgang, Joel P. Kleinman ; production staff, David Pingree ... [et al.]. |
| 906 |
_a7 _bcbc _corigcop _d2 _encip _f20 _gy-gencatlg |
||
| 942 |
_2ddc _cBK |
||
| 999 |
_c44270 _d44270 |
||